Countries with International divided Islands - Statistics

General Stats
  • This quiz has been taken 156 times
  • The average score is 25 of 44
Answer Stats
Amount Different Countries Country % Correct
3 2 United Kingdom
98%
4 4 Indonesia
96%
19 1 United States
93%
2 3 France
90%
19 1 Canada
87%
2 2 Malaysia
87%
21 5 Russia
87%
2 1 China
83%
1 1 Haiti
83%
2 1 Ireland
83%
21 3 Sweden
81%
1 1 Dominican Republic
80%
1 1 Papua New Guinea
80%
1 2 Brunei
79%
21 3 Finland
78%
1 1 Netherlands
77%
25 3 Norway
76%
1 1 Turkey
76%
2 2 Argentina
72%
1 1 East Timor
71%
1 1 Chile
70%
1 1 Greece
70%
2 3 Germany
69%
1 1 Cyprus
67%
1 1 Brazil
63%
2 2 Poland
61%
1 1 Saudi Arabia
49%
1 1 Venezuela
49%
1 1 Colombia
47%
2 2 Ukraine
45%
1 1 Bahrain
41%
1 1 Romania
29%
1 1 Uruguay
28%
1 1 Iraq
24%
3 2 Lithuania
24%
1 1 Guyana
22%
2 1 Belarus
12%
4 1 Nicaragua
12%
4 1 Honduras
11%
1 1 Syria
11%
1 1 Slovakia
4%
1 1 Djibouti
3%
1 1 Ethiopia
3%
1 2 Luxembourg
1%
No matching quizzes found
Score Distribution
Percent of People with Each Score
Percentile by Number Answered
Your Score History
You have not taken this quiz